Países com mais área coberta por gelo - Statistics

Estatísticas Gerais
  • Esse quiz foi jogado 179 vezes
  • A pontuação média é 14 de 21
Estatísticas das Respostas
Km² Resposta % Correto
53,094 Rússia
100%
183,144 Canadá
98%
65,365 Estados Unidos
96%
1,752,390 Dinamarca (Groelândia)
95%
35,328 Noruega
94%
27,963 Chile
93%
6,856 Argentina
91%
11,025 Islândia
86%
62,856 China
82%
7,833 Índia
61%
1,135 Cazaquistão
60%
4,884 Nepal
58%
976 Suíça
54%
1,085 Nova Zelândia
52%
3,001 Peru
49%
2,109 Paquistão
46%
1,048 Butão
43%
859 Bolívia
41%
10,852 Tadjiquistão
41%
6,093 Quirguistão
39%
3,176 Afeganistão
30%
Nenhum quiz correspondente encontrado
Distribuição das Pontuações
Porcentagem de Pessoas com Cada Pontuação
Percentil de Números Respondidos
Sua Pontuação Histórica
Você não jogou esse quiz